Siete papas. Experiencia personal y balance de la época.

Furkejuvvon:
Bibliográfalaš dieđut
Váldodahkki: Küng, Hans (autor)
Eará dahkkit: Lozano Gotor Perona, José Manuel (traducción), Romero Álvarez, Daniel (traducción)
Materiálatiipa: Girji
Giella:eaŋgalasgiella
Almmustuhtton: Madrid, España: Trotta, 2017.
Preanttus:Primera edición.
Ráidu:Colección Estructuras y Procesos. Serie religión.
Fáttát:
Fáddágilkorat: Lasit fáddágilkoriid
Eai fáddágilkorat, Lasit vuosttaš fáddágilkora!

MARC

LEADER 00000nam a22000007a 4500
003 CL-VaPUC
005 20230824152530.0
008 230725t2017 ||||| |||| 00| 0 eng d
999 |c 441414  |d 441412 
020 |a 978-84-9879-691-9 
040 |c Pontificia Universidad Católica de Valparaíso 
082 |2 22  |a 922.21 KUN 2017 
100 |a Küng, Hans  |e autor  |9 861209 
245 |a Siete papas.  |b Experiencia personal y balance de la época. 
250 |a Primera edición.  
260 |a Madrid, España:   |b Trotta,   |c 2017. 
300 |a 303 páginas.  
490 |a Colección Estructuras y Procesos. Serie religión.  
500 |a c.1 Donación Sr. Jorge Precht Pizarro. 26-05-23. Biblioteca Teología.  
583 |c 20230725  |k Yessy Sthefany Diaz Vidal 
650 0 |9 458600  |a Papas   |v Biografías   |x Iglesia Católica   |y Siglos 20 y 21  
700 |9 883881  |a Lozano Gotor Perona, José Manuel   |e traducción 
700 |9 883883  |a Romero Álvarez, Daniel   |e traducción 
942 |2 ddc  |c BK 
952 |0 0  |1 0  |2 ddc  |4 0  |6 922_210000000000000_KUN_2017  |7 0  |8 A  |9 590964  |a BIBTEO  |b BIBTEO  |c GEN  |d 2023-07-25  |e Donación   |i 5658140  |o 922.21 KUN 2017  |p 5658140  |r 2025-01-17  |t 1  |w 2023-07-25  |y BK  |k ICR